000 00501nam a22001937a 4500
003 OSt
005 20240626133130.0
008 240626b |||||||| |||| 00| 0 eng d
020 _a1419115561
040 _cMUST
082 _a370.115 DEW
100 _aDewey, John
_96461
245 _aDemocracy and Education
260 _aUnited states
_b:Kessinger publishing
_c, n.d
300 _a288p.
_b: ill
_c; 23 cm
651 _2Democracy
651 _aDemocracy and education
_918102
942 _2ddc
_cO_SHELF
999 _c8940
_d8940